00611nam a2200193Ia 4500003000400000008004100004040001600045082001700061100002100078245013900099260004100238300000800279650001200287650001900299650002000318650002300338650002200361650003400383GCL140319s9999 xx 000 0 eng d aGCL / cGCL04a792.943bF G1 aFRIEDRICH VERLAG10aGERMAN THEATRE TODAY: PLAYS, PRODUCERS, ACTORS, BUILDING 1960 - 67: A SELECTION FROM THE PERIODICAL THEATER HEUTE / cFRIEDRICH VERLAG a[S.N] : bFRIEDRICH VERLAG ، c1967 a20104aTHEATER04aGERMAN - PLAYS04aACTORS - GERMAN04aGERMAN - PRODUCERS04aBUILDING - GERMAN04aGERMAN - THEATER, 1960 : 1967